000 00770cam a22002171 4500
001 000018482
005 20200929165819.0
008 731121s1972 ck a b 000 0 spa
040 _aDO-SdBNP
_bspa
_cBNPHU
082 _aCo863.42
_bC313f
100 1 _aCarrasquilla, Tomas,
_d1858-1940.
_923724
245 1 0 _aFrutos de mi tierra. /
_cEdicion y estudio Seymour Menton.
260 _aBogotá :
_bInstituto Caro y Cuervo,
_c1972.
300 _alxvii, 356 p. :
_bil. ;
_c21 cm.
490 1 _aBiblioteca colombiana ;
_v4
504 _aIncluye referencias bibliográficas y notas al pie de las páginas.
650 4 _aNovela colombiana
_91243
650 4 _aLiteratura colombiana
_91244
700 1 _aMenton, Seymour,
_eed.
_913629
830 0 _aBiblioteca colombiana ;
_n4
_939982
999 _c18002
_d18002